00434nam a2200181Ia 4500008004100000020001800041050001400059100001700073245001500090245004600105260001500151260001600166260000900182300001600191300002700207300001000234500000800244170918s9999 xx 000 0 und d a9780439576888 bG141 2002 aGaiman, Neil aCoraline / cNeil Gaiman ; illustrated by Dave McKean. aNew York : bScholastic, c2002 a162 pages : bcolored illustration ; c19cm. a740